书目信息 |
| 题名: |
基本有机化工分离工程
|
|
| 作者: | 陈洪钫 主编 | |
| 分册: | ||
| 出版信息: | 北京 化学工业出版社 1981.7 |
|
| 页数: | 331页 | |
| 开本: | 26cm | |
| 丛书名: | ||
| 单 册: | ||
| 中图分类: | TQ202 | |
| 科图分类: | ||
| 主题词: | 有机化工 | |
| 电子资源: | ||
| ISBN: | ||
| 000 | 00570nam0 2200205 45 | |
| 001 | 0181011301 | |
| 005 | 20051115100338.67 | |
| 010 | @dCNY3.50 | |
| 091 | @a15063.3265 | |
| 100 | @a20810111d km y0chiy0120 ea | |
| 101 | 0 | @achi |
| 200 | 1 | @a基本有机化工分离工程@Aji ben you ji hua gong feng li gong cheng@f陈洪钫主编@Fchen hong fang |
| 210 | @a北京@c化学工业出版社@d1981.7 | |
| 215 | @a331页@c图表@d26cm | |
| 300 | @a高等学校试用教材 | |
| 606 | 0 | @a有机化工 |
| 690 | @aTQ202 | |
| 701 | 0 | @a陈洪钫@4主编 |
| 801 | @aCN@bTSTC@c20051115 | |
| 905 | @dTQ202@f1@b238393@e7 | |
| 基本有机化工分离工程/陈洪钫主编.-北京:化学工业出版社,1981.7 |
| 331页:图表;26cm |
| 高等学校试用教材 |
| ISBN :CNY3.50 |
| ● |
| 相关链接 |
|
|
|
|
正题名:基本有机化工分离工程
索取号:TQ202/7
 
预约/预借
| 序号 | 登录号 | 条形码 | 馆藏地/架位号 | 状态 | 备注 |
| 1 | 0238393 | 001647169 | 第三借阅区/ [索取号:TQ202/7] | 在馆 | |
| 2 | 0238394 | 202146472 | 密集书库/ [索取号:TQ202/7] | 在馆 | |
| 3 | 0238395 | 001647285 | 第二样本阅览室/ [索取号:TQ202/7] | 在馆 |